Principles of public administration / (Record no. 69808)

MARC details
000 -LEADER
fixed length control field 00857nam a22002417a 4500
005 - DATE AND TIME OF LATEST TRANSACTION
control field 20120924145118.0
008 - FIXED-LENGTH DATA ELEMENTS--GENERAL INFORMATION
fixed length control field 120924t xxu||||| |||| 00| 0 eng d
010 ## - LCCN (DPL NO)
LC control number ENG-105951
020 ## - INTERNATIONAL STANDARD BOOK NUMBER
International Standard Book Number 9789380833569
Terms of availability 850.00
035 ## - SYSTEM CONTROL NUMBER
System control number EN-89484
037 ## - SOURCE OF ACQUISITION
Source of stock number/acquisition DBAD/PUB
040 ## - CATALOGING SOURCE
Original cataloging agency DPL
Language of cataloging English
082 ## - DEWEY DECIMAL CLASSIFICATION NUMBER
Classification number 351
100 ## - MAIN ENTRY--PERSONAL NAME
9 (RLIN) 52124
245 ## - TITLE STATEMENT
Title Principles of public administration /
Statement of responsibility, etc edited by Ashok Kumar
260 ## - PUBLICATION, DISTRIBUTION, ETC. (IMPRINT)
Place of publication, distribution, etc New Delhi
Name of publisher, distributor, etc Global Publishers
Date of publication, distribution, etc 2012
270 ## - ADDRESS
Address 4378/4B, G-4 JMD House, Murari Lal Street, Ansari Road, Daryaganj
City New Delhi
Postal code 110002
Electronic mail address globalpublications4u@gmail.com
300 ## - PHYSICAL DESCRIPTION
Extent vi,272p.
Dimensions 22cm(Hb)
500 ## - GENERAL NOTE
General note Includes index
700 ## - ADDED ENTRY--PERSONAL NAME
Personal name Ashok Kumar
9 (RLIN) 52123
942 ## - ADDED ENTRY ELEMENTS (KOHA)
Source of classification or shelving scheme Dewey Decimal Classification
Item type English Books
Call number suffix PRI
Classification part 351
Holdings
Withdrawn status Lost status Source of classification or shelving scheme Damaged status Not for loan Collection code Home library Current library Date acquired Source of acquisition Cost, normal purchase price Total Checkouts Full call number Barcode Date last seen Copy number Cost, replacement price Koha item type
    Dewey Decimal Classification   Not For Loan Non-fiction D.B.Act.Division D.B.Act.Division 24/09/2012 DBAD / PUB 850.00   351 PRI EN-89484 24/09/2012 1 850.00 English Books

© Delhi Public Library
Hit Counter
free hit counter